[Event "ch-European Rapid 2013"]
[Site "Warsaw POL"]
[Date "2013.12.14"]
[Round "4.44"]
[White "Schoorl, Rob"]
[Black "Goslawski, Michal"]
[Result "1-0"]
[WhiteTitle "FM"]
[WhiteElo "2317"]
[BlackElo "2154"]
[WhiteFideId "1009508"]
[BlackFideId "1171259"]
[EventDate "2013.12.14"]
[EventType "swiss"]

1. e4 e6 2. d4 d5 3. e5 c5 4. c3 Nc6 5. Nf3 Qb6 6. a3 Bd7 7. b4 cxd4 8. cxd4 Rc8
9. Bb2 Nge7 10. Nc3 Nf5 11. Na4 Qd8 12. Nc5 Bxc5 13. dxc5 O-O 14. Bd3 Nb8 15.
Bxf5 exf5 16. Qxd5 Bb5 17. Qxd8 Rfxd8 18. Nd4 Bd7 19. O-O Nc6 20. Nb5 Nxb4 21.
Nxa7 Nd3 22. Nxc8 Bxc8 23. Rfd1 Be6 24. Rd2 Bc4 25. Rc1 Bb5 26. Rc3 h6 27. a4
Ba6 28. c6 bxc6 29. Rxc6 Bb7 30. Rd6 1-0

[Event "ch-European Rapid 2013"]
[Site "Warsaw POL"]
[Date "2013.12.14"]
[Round "4.45"]
[White "Berzinsh, Roland"]
[Black "Warakomska, Anna"]
[Result "1-0"]
[WhiteTitle "IM"]
[BlackTitle "WFM"]
[WhiteElo "2421"]
[BlackElo "2144"]
[WhiteFideId "11600357"]
[BlackFideId "1130790"]
[EventDate "2013.12.14"]
[EventType "swiss"]

1. e4 e5 2. Nf3 Nc6 3. Bc4 Bc5 4. c3 Nf6 5. d3 a6 6. Bb3 Ba7 7. Nbd2 O-O 8. h3
d5 9. O-O h6 10. exd5 Nxd5 11. Nc4 Re8 12. Re1 f6 13. d4 exd4 14. cxd4 Be6 15.
Ne3 Nce7 16. Ng4 Bf7 17. Bxh6 gxh6 18. Qd2 h5 19. Nxf6+ Nxf6 20. Qg5+ Kf8 21.
Qxf6 Nd5 22. Qh8+ Bg8 23. Qh6+ Kf7 24. Ng5+ 1-0

[Event "ch-European Rapid 2013"]
[Site "Warsaw POL"]
[Date "2013.12.14"]
[Round "4.46"]
[White "Kujawski, Adam"]
[Black "Grygierczyk, Wojciech"]
[Result "1-0"]
[WhiteElo "2325"]
[BlackElo "2046"]
[WhiteFideId "1100920"]
[BlackFideId "1139193"]
[EventDate "2013.12.14"]
[EventType "swiss"]

1. e4 g6 2. d4 Bg7 3. c4 d6 4. Nc3 e5 5. d5 f5 6. f3 Nf6 7. exf5 gxf5 8. Bg5 O-O
9. Qd2 a5 10. O-O-O Na6 11. Bd3 Nc5 12. Bc2 Bd7 13. h3 Qe8 14. g4 Kh8 15. Nge2
f4 16. Bxf6 Bxf6 17. Ne4 Nxe4 18. Bxe4 Bh4 19. Nc3 Qb8 20. Qd3 Rf7 21. Kb1 Qa7
22. Rc1 a4 23. a3 Qc5 24. Rc2 Ra6 25. Ka1 Rb6 26. Rf1 Rb3 27. Qe2 Rf8 28. Bd3
Rf7 29. Ne4 Qd4 30. Rc3 Rxc3 31. Nxc3 Rf8 32. Rd1 Qf2 33. Ne4 Qxe2 34. Bxe2 b6
35. Bd3 Ra8 36. Rf1 Be8 37. Nc3 Bd7 38. Kb1 h6 39. Kc2 Kg7 40. Kd2 Be8 41. Ke2
Bd7 42. Bc2 Be8 43. Bf5 Ra5 44. Rc1 Rc5 45. Ne4 Ra5 46. Rc2 Kf8 47. Kd3 Ke7 48.
Bh7 Bd7 49. Bf5 Be8 50. Bc8 Ra7 51. Bf5 Ra5 52. Re2 Ra8 53. Nc3 Ra5 54. Ne4 Ra8
55. Kc3 Bf7 56. Kb4 Be8 57. Nc3 Bg3 58. Bc2 h5 59. Bxa4 Bxa4 60. Nxa4 hxg4 61.
hxg4 Rh8 62. Kb5 Kd7 63. b4 Rh1 64. c5 bxc5 65. bxc5 Rb1+ 66. Rb2 Rxb2+ 67. Nxb2
e4 68. fxe4 f3 69. Nd1 Bf4 70. c6+ Kc8 71. a4 Kb8 72. Kc4 Ka7 73. Kd3 Ka6 74.
Nc3 Ka5 75. Nb5 Kb6 76. Nd4 1-0

[Event "ch-European Rapid 2013"]
[Site "Warsaw POL"]
[Date "2013.12.14"]
[Round "4.48"]
[White "Bartel, Marta"]
[Black "Fronczak, Sebastian"]
[Result "1-0"]
[WhiteTitle "WGM"]
[WhiteElo "2306"]
[BlackElo "1834"]
[WhiteFideId "1123009"]
[BlackFideId "1113607"]
[EventDate "2013.12.14"]
[EventType "swiss"]

1. d4 Nf6 2. Nf3 c5 3. d5 d6 4. Nc3 g6 5. e4 Bg7 6. Be2 O-O 7. O-O e6 8. h3 exd5
9. exd5 a6 10. a4 Re8 11. Bf4 Ne4 12. Nxe4 Rxe4 13. Bg5 Qc7 14. Bd3 Re8 15. Re1
Bd7 16. c3 Ra7 17. Rxe8+ Bxe8 18. Qe2 Ra8 19. Qxe8+ 1-0

[Event "ch-European Rapid 2013"]
[Site "Warsaw POL"]
[Date "2013.12.14"]
[Round "4.49"]
[White "Wiley, Tom E"]
[Black "Lavendelis, Egons"]
[Result "0-1"]
[WhiteTitle "FM"]
[BlackTitle "FM"]
[WhiteElo "2273"]
[BlackElo "2317"]
[WhiteFideId "401765"]
[BlackFideId "11601647"]
[EventDate "2013.12.14"]
[EventType "swiss"]

1. e4 c5 2. Nf3 Nc6 3. Bb5 g6 4. Bxc6 dxc6 5. d3 Bg7 6. h3 Qc7 7. Nc3 e5 8. Be3
b6 9. O-O Ne7 10. a3 f5 11. b4 cxb4 12. axb4 f4 13. Bd2 O-O 14. Kh2 h6 15. g3
fxg3+ 16. fxg3 Qd7 17. Ng1 Qd4 18. Nce2 Qd6 19. Rxf8+ Bxf8 20. Qc1 g5 21. g4 Ng6
22. Ng3 Nf4 23. Bc3 Bg7 24. Nf3 c5 25. Qb2 Ng6 26. Rf1 c4 27. dxc4 Qc7 28. Nf5
Qxc4 29. Re1 Bxf5 30. gxf5 Rc8 31. Re3 Qf1 32. Bxe5 Nxe5 33. Nxe5 Qf2+ 34. Kh1
Qxe3 0-1

[Event "ch-European Rapid 2013"]
[Site "Warsaw POL"]
[Date "2013.12.14"]
[Round "4.50"]
[White "Gurvich, Vitaly"]
[Black "Yavorovsky, Valeriy"]
[Result "0-1"]
[WhiteElo "2094"]
[BlackElo "2249"]
[WhiteFideId "24164852"]
[BlackFideId "14121549"]
[EventDate "2013.12.14"]
[EventType "swiss"]

1. d4 d5 2. c4 dxc4 3. Nf3 Nf6 4. e3 e6 5. Bxc4 c5 6. O-O a6 7. Qe2 b5 8. Bb3
Bb7 9. Rd1 Nbd7 10. Nc3 Qb8 11. Bc2 Bd6 12. dxc5 Bxc5 13. h3 O-O 14. e4 Qc7 15.
Kh1 b4 16. Na4 Ba7 17. Bg5 Qa5 18. b3 Rac8 19. Nb2 Rxc2 20. Qxc2 Bxe4 21. Qd2
Bxf3 22. gxf3 Qf5 23. Kg2 Bb8 24. Nc4 Nd5 25. Rg1 Bf4 26. Bxf4 Nxf4+ 27. Kg3 e5
28. Nxe5 Nh5+ 29. Kh2 Nxe5 30. Kh1 0-1

[Event "ch-European Rapid 2013"]
[Site "Warsaw POL"]
[Date "2013.12.14"]
[Round "5.1"]
[White "Dziuba, Marcin"]
[Black "Malakhov, Vladimir"]
[Result "1/2-1/2"]
[WhiteTitle "GM"]
[BlackTitle "GM"]
[WhiteElo "2576"]
[BlackElo "2716"]
[WhiteFideId "1112953"]
[BlackFideId "4120787"]
[EventDate "2013.12.14"]
[EventType "swiss"]

1. d4 g6 2. c4 Bg7 3. e4 d6 4. Nc3 Nc6 5. Be3 e5 6. d5 Nd4 7. Nge2 Nxe2 8. Bxe2
Ne7 9. c5 O-O 10. Rc1 f5 11. f3 fxe4 12. fxe4 Kh8 13. cxd6 cxd6 14. Qd2 Ng8 15.
Bg5 Bf6 16. Bxf6+ Nxf6 17. Qe3 Ng4 18. Bxg4 Bxg4 19. Rf1 Qh4+ 20. Qg3 Qxg3+ 21.
hxg3 Rxf1+ 22. Kxf1 Rc8 23. Kf2 Kg7 24. Ke3 a6 25. Ne2 h5 26. Rxc8 Bxc8 27. Nc3
Bd7 28. b4 Kf6 29. a4 Kg5 30. Kf3 b5 31. axb5 Bxb5 32. Nd1 Bc4 33. Nf2 Bf1 34.
Nh3+ Kf6 35. Nf2 Ke7 36. g4 Kd7 37. gxh5 gxh5 38. Nd1 Kc7 39. Ne3 Bb5 40. Nf5
Bd7 41. g4 hxg4+ 42. Kxg4 Ba4 43. Kf3 Bd7 44. Kg4 Ba4 45. Kf3 1/2-1/2

[Event "ch-European Rapid 2013"]
[Site "Warsaw POL"]
[Date "2013.12.14"]
[Round "5.2"]
[White "Korobov, Anton"]
[Black "Antipov, Mikhail Al."]
[Result "1-0"]
[WhiteTitle "GM"]
[BlackTitle "GM"]
[WhiteElo "2713"]
[BlackElo "2511"]
[WhiteFideId "14105730"]
[BlackFideId "4107012"]
[EventDate "2013.12.14"]
[EventType "swiss"]

1. d4 Nf6 2. c4 e6 3. Nc3 Bb4 4. Qc2 O-O 5. a3 Bxc3+ 6. Qxc3 d6 7. Nf3 Nbd7 8.
e3 Ne4 9. Qc2 f5 10. Bd3 Ndf6 11. b4 b6 12. Bb2 Bb7 13. Rd1 Qe8 14. d5 e5 15.
Nd2 Qg6 16. O-O Nxd2 17. Rxd2 e4 18. Be2 Nd7 19. f4 exf3 20. Rxf3 Ne5 21. Rg3
Qf7 22. c5 Rae8 23. c6 Bc8 24. Rd4 Ng4 25. Qd2 Nf6 26. Bf3 Ne4 27. Rxe4 fxe4 28.
Rxg7+ Qxg7 29. Bxg7 Kxg7 30. Qd4+ Re5 31. Bxe4 Bf5 32. Bf3 Ra8 33. h4 h6 34. Qf4
Rf8 35. a4 a6 36. a5 b5 37. Qd4 Bc8 38. Qa7 Re7 39. Kf2 Rf6 40. e4 Rff7 41. Ke3
Kf6 42. Qb8 Rf8 43. Qa7 Rff7 44. Kd3 Rf8 45. Qf2 Kg7 46. Qg3+ Kh7 47. Qf2 Kg7
48. Kc3 Rd8 49. Qd4+ Re5 50. Be2 Re8 51. Bd3 Rd8 52. g4 Bxg4 53. Qa7 Re7 54.
Qxa6 Rb8 55. Qb7 1-0

[Event "ch-European Rapid 2013"]
[Site "Warsaw POL"]
[Date "2013.12.14"]
[Round "5.3"]
[White "Grigoryan, Karen H."]
[Black "Dreev, Aleksey"]
[Result "1-0"]
[WhiteTitle "GM"]
[BlackTitle "GM"]
[WhiteElo "2604"]
[BlackElo "2673"]
[WhiteFideId "13301004"]
[BlackFideId "4100107"]
[EventDate "2013.12.14"]
[EventType "swiss"]

1. Nf3 d5 2. c4 c6 3. g3 Bg4 4. Bg2 e6 5. cxd5 exd5 6. O-O Nf6 7. d3 Nbd7 8. h3
Bxf3 9. Bxf3 Bc5 10. Nc3 O-O 11. Bg2 Re8 12. Kh2 d4 13. Ne4 Nxe4 14. Bxe4 Bd6
15. Kg2 a5 16. h4 Ne5 17. Bd2 Qd7 18. Kg1 f5 19. Bg2 Ng4 20. Qc1 Rxe2 21. Bf3
Re6 22. Bxg4 fxg4 23. Qc4 Be5 24. a4 Bf6 25. Rae1 Kf7 26. Qb3 Re8 27. Bxa5 Kg6
28. Rc1 Re2 29. Bb6 h6 30. Qb4 Qd5 31. Rc4 Be7 32. Bc5 Bxc5 33. Rxc5 Rxb2 34.
Rxc6+ Qxc6 35. Qxb2 Qxa4 36. Qxb7 Re6 37. h5+ Kh7 38. Qd5 Qe8 39. Qf5+ Kh8 40.
Qxg4 Re5 41. Qxd4 Qxh5 42. Qf4 Rf5 43. Qe4 Re5 44. Qc6 Qf5 45. d4 Re2 46. Qc1
Qd5 47. Qc3 Qe4 48. Qb4 Kh7 49. Qa4 h5 50. Qb5 Qf3 51. Qg5 Re4 52. Qd2 h4 53.
Qd1 Re2 54. Qb1+ g6 55. Qb5 hxg3 56. Qd7+ Kg8 57. Qc8+ Kg7 58. Qc7+ Kg8 59. Qxg3
Qxg3+ 60. fxg3 Rd2 61. Rf4 Kg7 62. Kf1 g5 63. Re4 Kf6 64. Ke1 Rd3 65. g4 Ra3 66.
Ke2 Rb3 67. Re3 Rb1 68. Kd3 Rg1 69. Re4 Ra1 70. d5 Ra3+ 71. Kc2 Kf7 72. Re5 Kf6
73. Rf5+ Ke7 74. Rxg5 Rg3 75. Kd2 Kf6 76. Rf5+ Ke7 77. g5 Ra3 78. Ke2 Kd6 79.
Kf2 Ke7 80. Rf6 Rd3 81. Rf5 Ra3 82. g6 Ra8 83. Ke3 Rg8 84. Re5+ Kd6 85. Rg5 Ke7
86. Kd4 Kf6 87. Rg2 Kg7 88. d6 Ra8 89. Kd5 Ra5+ 90. Ke6 1-0

[Event "ch-European Rapid 2013"]
[Site "Warsaw POL"]
[Date "2013.12.14"]
[Round "5.4"]
[White "Wojtaszek, Radoslaw"]
[Black "Kulaots, Kaido"]
[Result "0-1"]
[WhiteTitle "GM"]
[BlackTitle "GM"]
[WhiteElo "2711"]
[BlackElo "2558"]
[WhiteFideId "1118358"]
[BlackFideId "4500261"]
[EventDate "2013.12.14"]
[EventType "swiss"]

1. d4 Nf6 2. c4 e6 3. Nf3 d5 4. Nc3 dxc4 5. e3 a6 6. Bxc4 b5 7. Bb3 Bb7 8. O-O
c5 9. e4 cxd4 10. Nxd4 Nc6 11. Be3 Nxd4 12. Bxd4 Be7 13. f3 O-O 14. a4 Qb8 15.
Qe1 b4 16. Nb1 a5 17. Nd2 Ba6 18. Nc4 Rc8 19. Rc1 Nd7 20. Kh1 Nc5 21. Bxc5 Rxc5
22. Rf2 Bg5 23. Rcc2 Qc7 24. e5 Bxc4 0-1

[Event "ch-European Rapid 2013"]
[Site "Warsaw POL"]
[Date "2013.12.14"]
[Round "5.5"]
[White "Olszewski, Michal"]
[Black "Cheparinov, Ivan"]
[Result "0-1"]
[WhiteTitle "GM"]
[BlackTitle "GM"]
[WhiteElo "2551"]
[BlackElo "2672"]
[WhiteFideId "1121251"]
[BlackFideId "2905540"]
[EventDate "2013.12.14"]
[EventType "swiss"]

1. Nf3 Nf6 2. c4 g6 3. Nc3 Bg7 4. d4 O-O 5. e4 d6 6. h3 e5 7. d5 Nh5 8. Nh2 Qe8
9. Be2 Nf4 10. Bf3 f5 11. g3 fxe4 12. Nxe4 Bf5 13. gxf4 exf4 14. Qe2 Nd7 15. O-O
Qe7 16. Bg2 Rae8 17. f3 g5 18. Rb1 Nc5 19. Bd2 Qd7 20. b4 Nxe4 21. fxe4 Bxh3 22.
Bxh3 Qxh3 23. Rb3 Qh6 24. Qg2 Qg6 25. Re1 h5 26. Nf3 g4 27. Nh4 Bd4+ 28. Kh1 Qh7
29. Nf5 Rxf5 30. exf5 Rxe1+ 31. Bxe1 Qxf5 32. Qe2 Be5 33. Qd3 Qg5 34. Ra3 a6 35.
b5 g3 36. Kg2 Kg7 37. Qe4 h4 38. bxa6 Qg4 39. axb7 h3+ 40. Kh1 g2+ 0-1

[Event "ch-European Rapid 2013"]
[Site "Warsaw POL"]
[Date "2013.12.14"]
[Round "5.6"]
[White "Dourerassou, Jonathan"]
[Black "Moiseenko, Alexander"]
[Result "0-1"]
[WhiteTitle "IM"]
[BlackTitle "GM"]
[WhiteElo "2485"]
[BlackElo "2713"]
[WhiteFideId "628050"]
[BlackFideId "14102560"]
[EventDate "2013.12.14"]
[EventType "swiss"]

1. e4 c5 2. Nf3 Nc6 3. d4 cxd4 4. Nxd4 Nf6 5. Nc3 e5 6. Ndb5 d6 7. Bg5 a6 8. Na3
b5 9. Bxf6 gxf6 10. Nd5 f5 11. exf5 Bxf5 12. c3 Bg7 13. Nc2 O-O 14. Nce3 Bg6 15.
h4 h6 16. Bd3 e4 17. Bc2 b4 18. Nf4 bxc3 19. Nxg6 cxb2 20. Rb1 Qa5+ 21. Kf1 fxg6
22. Bxe4 Rae8 23. Qb3+ Kh8 24. Bxc6 Qd2 25. Bf3 Rc8 26. Nc4 Qc1+ 27. Ke2 Qxc4+
28. Qxc4 Rxc4 29. Rhd1 Re8+ 30. Kd3 Rxh4 31. Re1 Rd4+ 32. Kc2 Rc8+ 33. Kxb2 Rd3+ 0-1

[Event "ch-European Rapid 2013"]
[Site "Warsaw POL"]
[Date "2013.12.14"]
[Round "5.7"]
[White "Jobava, Baadur"]
[Black "Tregubov, Pavel V."]
[Result "0-1"]
[WhiteTitle "GM"]
[BlackTitle "GM"]
[WhiteElo "2705"]
[BlackElo "2625"]
[WhiteFideId "13601520"]
[BlackFideId "4115341"]
[EventDate "2013.12.14"]
[EventType "swiss"]

1. b3 d5 2. Bb2 Nf6 3. e3 e6 4. f4 Be7 5. Nf3 O-O 6. Be2 b6 7. O-O Bb7 8. Qe1
Ne4 9. Nc3 Nd6 10. Qg3 Nf5 11. Qh3 Nc6 12. Bd3 Nb4 13. Bxf5 exf5 14. Qxf5 g6 15.
Qh3 Nxc2 16. Qh6 d4 17. Ne2 c5 18. Rac1 Nb4 19. Nexd4 cxd4 20. Bxd4 f6 21. Ng5
Rf7 22. Nxf7 Qd5 23. Qh3 Qxf7 24. Rc7 Be4 25. Rfc1 Kg7 26. Qd7 Nd5 27. Rb7 Rd8
28. Qxd8 Bxd8 29. Rxf7+ Kxf7 30. Rc8 Ke8 31. Ra8 a5 32. Ra7 h5 33. Kf2 Nb4 34.
a3 Nc6 35. Rh7 Nxd4 36. exd4 Be7 37. Ke3 Bd5 38. b4 axb4 39. axb4 Bxb4 40. f5 g5
41. Rxh5 Bxg2 42. h4 gxh4 43. Rxh4 Bd5 44. Rh7 Be7 45. Rh8+ Kd7 46. Kd3 b5 47.
Rh7 b4 48. Rg7 Kd6 49. Rg1 b3 50. Kc3 Kc6 51. Kb2 Bd8 52. Rc1+ Kd6 53. d3 Bb6
54. Kc3 Ba5+ 55. Kb2 Bd2 56. Ra1 Be3 57. Kc3 b2 58. Ra6+ Bc6 59. Kxb2 Bxd4+ 60.
Kb3 Kc5 61. Ra7 Bd5+ 62. Kc2 Kd6 63. Ra6+ Ke5 64. Ra5 Bb6 65. Rb5 Be3 66. Kc3
Bd4+ 67. Kd2 Kd6 68. Ra5 Bb7 69. Ke2 Bc8 70. Kf3 Bb6 71. Rb5 Kc6 72. Rb4 Bc5 73.
Rc4 Kd5 74. Kg4 Ba6 75. Re4 Bxd3 76. Re1 Be4 77. Rc1 Be3 78. Rc8 Bc5 79. Re8 Bd6
80. Ra8 Bd3 81. Ra5+ Ke4 82. Ra4+ Ke3 83. Kh4 Bxf5 84. Ra6 Be5 85. Ra3+ Bd3 86.
Ra5 Ke4 87. Ra4+ Bd4 88. Ra8 f5 89. Rf8 f4 90. Kh3 Ke3 91. Kg2 Be4+ 92. Kf1 f3
93. Re8 Bc5 94. Ke1 Kf4 95. Rd8 f2+ 96. Kf1 Bf5 97. Kg2 Bh3+ 98. Kh2 Ke4 99.
Re8+ Kd3 100. Rd8+ Ke2 101. Re8+ Be3 0-1

[Event "ch-European Rapid 2013"]
[Site "Warsaw POL"]
[Date "2013.12.14"]
[Round "5.8"]
[White "Kovalev, Vladislav"]
[Black "Tkachiev, Vladislav"]
[Result "1/2-1/2"]
[WhiteTitle "GM"]
[BlackTitle "GM"]
[WhiteElo "2574"]
[BlackElo "2637"]
[WhiteFideId "13504398"]
[BlackFideId "618438"]
[EventDate "2013.12.14"]
[EventType "swiss"]

1. e4 e5 2. Nf3 Nc6 3. Bb5 a6 4. Ba4 Nf6 5. O-O Be7 6. Re1 b5 7. Bb3 O-O 8. d4
d6 9. c3 Bg4 10. Be3 Bh5 11. h3 exd4 12. cxd4 Na5 13. Bc2 Nc4 14. Bc1 d5 15. e5
Ne4 16. Nc3 Nxc3 17. bxc3 b4 18. g4 Bg6 19. Bf5 bxc3 20. Qd3 Rb8 21. Re2 c5 1/2-1/2

[Event "ch-European Rapid 2013"]
[Site "Warsaw POL"]
[Date "2013.12.14"]
[Round "5.9"]
[White "Kanarek, Marcel"]
[Black "Rapport, Richard"]
[Result "0-1"]
[WhiteTitle "IM"]
[BlackTitle "GM"]
[WhiteElo "2473"]
[BlackElo "2687"]
[WhiteFideId "1126822"]
[BlackFideId "738590"]
[EventDate "2013.12.14"]
[EventType "swiss"]

1. e4 g6 2. d4 Nf6 3. Nc3 d5 4. e5 Ne4 5. Bd3 Nxc3 6. bxc3 c5 7. Nf3 Nc6 8. O-O
c4 9. Be2 Bg4 10. h3 Bxf3 11. Bxf3 e6 12. Rb1 Qc7 13. Bg5 Be7 14. Bh6 O-O-O 15.
g3 Bf8 16. Bg5 Be7 17. Bh6 Kb8 18. Bg2 Bf8 19. Bg5 Be7 20. Bh6 Ba3 21. Qd2 a6
22. h4 Rhg8 23. Kh2 Ka8 24. Bh3 Rb8 25. f4 Bf8 26. Bxf8 Rbxf8 27. g4 Qe7 28. Qf2
h5 29. gxh5 Rh8 30. hxg6 fxg6 31. Qg3 Rxh4 32. Kg2 Rfh8 33. Rh1 Qh7 34. Rh2 g5 0-1

[Event "ch-European Rapid 2013"]
[Site "Warsaw POL"]
[Date "2013.12.14"]
[Round "5.11"]
[White "Sargissian, Gabriel"]
[Black "Maiorov, Nikita1"]
[Result "1-0"]
[WhiteTitle "GM"]
[BlackTitle "GM"]
[WhiteElo "2675"]
[BlackElo "2552"]
[WhiteFideId "13300881"]
[BlackFideId "13501720"]
[EventDate "2013.12.14"]
[EventType "swiss"]

1. d4 Nf6 2. Nf3 e6 3. c4 b6 4. g3 Bb7 5. Bg2 Be7 6. O-O O-O 7. Re1 Qc8 8. Nc3
Ne4 9. Bd2 f5 10. d5 Bf6 11. Nxe4 fxe4 12. Ng5 exd5 13. cxd5 Bxg5 14. Bxg5 Rf5
15. Bf4 Rxd5 16. Qb3 Qe8 17. Qc4 Kh8 18. Qxe4 Qg8 19. Qe3 Na6 20. Bxd5 Qxd5 21.
f3 Qf7 22. Rad1 d5 23. Qb3 Nc5 24. Qc3 Ne6 25. b4 c5 26. bxc5 bxc5 27. Qe5 Re8
28. Rb1 Kg8 29. Rb2 h6 30. Reb1 Ba6 31. Rb8 Kh7 32. Rxe8 Qxe8 33. Qf5+ g6 34.
Qe5 Qd7 35. Rb8 Ng7 36. Bxh6 1-0

[Event "ch-European Rapid 2013"]
[Site "Warsaw POL"]
[Date "2013.12.14"]
[Round "5.12"]
[White "Ivanisevic, Ivan"]
[Black "Dragun, Kamil"]
[Result "1/2-1/2"]
[WhiteTitle "GM"]
[BlackTitle "GM"]
[WhiteElo "2626"]
[BlackElo "2530"]
[WhiteFideId "912417"]
[BlackFideId "1134167"]
[EventDate "2013.12.14"]
[EventType "swiss"]

1. d4 Nf6 2. c4 e6 3. Nc3 Bb4 4. Nf3 d5 5. Qa4+ Nc6 6. e3 O-O 7. Bd2 a6 8. Qc2
Bd6 9. c5 Be7 10. a3 e5 11. Nxe5 Nxe5 12. dxe5 Ng4 13. Bd3 g6 14. f4 d4 15. Nd1
dxe3 16. Nxe3 Qd4 17. Nxg4 Bxg4 18. Qc4 Rad8 19. Qxd4 Rxd4 20. Bc2 Rc4 21. Bd3
Rd4 22. Bc2 Rc4 23. Bd3 Rd4 24. Bc2 Rc4 1/2-1/2

[Event "ch-European Rapid 2013"]
[Site "Warsaw POL"]
[Date "2013.12.14"]
[Round "5.13"]
[White "Miton, Kamil"]
[Black "Pakleza, Zbigniew"]
[Result "0-1"]
[WhiteTitle "GM"]
[BlackTitle "IM"]
[WhiteElo "2591"]
[BlackElo "2490"]
[WhiteFideId "1111914"]
[BlackFideId "1119290"]
[EventDate "2013.12.14"]
[EventType "swiss"]

1. d4 d6 2. c4 e5 3. Nf3 exd4 4. Nxd4 g6 5. Nc3 Bg7 6. e4 Ne7 7. h4 Nbc6 8. Be3
f5 9. exf5 Nxf5 10. Nxf5 Bxf5 11. Qd2 Qd7 12. h5 O-O-O 13. O-O-O Rde8 14. Nd5
Rhf8 15. Be2 Kb8 16. hxg6 hxg6 17. c5 Ne5 18. cxd6 Qxd6 19. Qa5 b6 20. Qa6 Qc6+
21. Nc3 Bc8 22. Qb5 Qxg2 23. Rh4 Qc6 24. Qb3 Be6 25. Qc2 Bf5 26. Qb3 Rd8 27.
Rhd4 Rxd4 28. Bxd4 Bh6+ 29. Be3 Bxe3+ 30. fxe3 Qc5 31. Rd4 Nc6 32. Rd2 Qxe3 33.
Qd5 Rd8 0-1

[Event "ch-European Rapid 2013"]
[Site "Warsaw POL"]
[Date "2013.12.14"]
[Round "5.15"]
[White "Ragger, Markus"]
[Black "Wieczorek, Oskar"]
[Result "1-0"]
[WhiteTitle "GM"]
[BlackTitle "IM"]
[WhiteElo "2646"]
[BlackElo "2407"]
[WhiteFideId "1610856"]
[BlackFideId "1133950"]
[EventDate "2013.12.14"]
[EventType "swiss"]

1. d4 Nf6 2. c4 g6 3. Nc3 Bg7 4. e4 d6 5. Nf3 O-O 6. Be2 c5 7. O-O cxd4 8. Nxd4
Nc6 9. Be3 Bd7 10. Nc2 Be6 11. f3 Nd7 12. Qd2 Qa5 13. Rab1 Nce5 14. b4 Qd8 15.
Nd5 Nb6 16. Na3 f5 17. exf5 Bxf5 18. Rbc1 Nxd5 19. cxd5 Bd7 20. h3 Be8 21. f4
Nd7 22. Nb5 Rc8 23. Rxc8 Qxc8 24. Rc1 Qd8 25. Nxa7 Nf6 26. Nb5 Ne4 27. Qd3 Ng3
28. Bg4 Nf5 29. Bf2 Qa8 30. Nc7 Qxa2 31. Bxf5 gxf5 32. Ne6 Bg6 33. Nxf8 Bxf8 34.
Rc8 Qa1+ 35. Kh2 Qa2 36. Kg1 Qa1+ 37. Qf1 Qb2 38. Qe1 Kg7 39. Qc3+ Qxc3 40. Rxc3
Bf7 41. Rg3+ Kf6 42. Bd4+ e5 43. dxe6+ Kxe6 44. Rc3 Kd5 45. Rc7 Bg6 46. Bb6 Ke4
47. Rxb7 d5 48. Bc5 Bh6 49. g3 d4 50. Kf2 d3 51. Rd7 1-0

[Event "ch-European Rapid 2013"]
[Site "Warsaw POL"]
[Date "2013.12.14"]
[Round "5.16"]
[White "Klekowski, Maciej"]
[Black "Socko, Bartosz"]
[Result "0-1"]
[BlackTitle "GM"]
[WhiteElo "2402"]
[BlackElo "2657"]
[WhiteFideId "1132717"]
[BlackFideId "1107038"]
[EventDate "2013.12.14"]
[EventType "swiss"]

1. c4 Nf6 2. g3 g6 3. Bg2 Bg7 4. Nc3 O-O 5. Nf3 d6 6. O-O a6 7. e4 c5 8. d4 Nc6
9. d5 Na5 10. Qe2 b5 11. Nd2 Nd7 12. a4 bxc4 13. Nxc4 Rb8 14. Nd2 Rb4 15. Ra3
Nb6 16. Qd3 e6 17. b3 exd5 18. Nxd5 Nxd5 19. exd5 Re8 20. Ra2 Nxb3 21. Ba3 Nxd2
22. Qxd2 Rxa4 23. Bc1 Rxa2 24. Qxa2 Qb6 25. Bf4 Bf5 26. h4 h5 27. Qd2 c4 28. Re1
Rc8 29. Qa2 c3 30. Bf1 a5 31. Qa4 Kh7 32. Re7 c2 33. Bc1 Qb1 34. Qf4 Kg8 35. Re1
Qb4 36. Qxb4 axb4 37. Re3 Ra8 38. Rb3 Ra1 0-1

[Event "ch-European Rapid 2013"]
[Site "Warsaw POL"]
[Date "2013.12.14"]
[Round "5.17"]
[White "Czerwonski, Aleksander"]
[Black "Salgado Lopez, Ivan"]
[Result "0-1"]
[WhiteTitle "IM"]
[BlackTitle "GM"]
[WhiteElo "2379"]
[BlackElo "2597"]
[WhiteFideId "1100459"]
[BlackFideId "2257327"]
[EventDate "2013.12.14"]
[EventType "swiss"]

1. d4 d5 2. c4 e6 3. Nf3 Nf6 4. Bg5 h6 5. Bxf6 Qxf6 6. Nc3 c6 7. e3 Nd7 8. Qc2
Qd8 9. Bd3 Be7 10. O-O a6 11. e4 dxc4 12. Bxc4 b5 13. Bd3 c5 14. d5 c4 15. Be2
exd5 16. Nxd5 Bb7 17. Rfd1 Bxd5 18. Rxd5 Qc7 19. a4 Nb6 20. axb5 Nxd5 21. exd5
O-O 22. bxa6 Bf6 23. Bxc4 Rfc8 24. Ra4 Qb6 25. b3 Rxa6 26. Rxa6 Qxa6 27. Bxa6
Rxc2 28. g3 Rb2 29. Bc4 Kf8 30. h4 g5 31. hxg5 hxg5 32. Kg2 Ke7 33. Ne1 g4 34.
Nd3 Rd2 35. Nf4 Bd4 36. Ne2 Bc5 37. Kf1 f5 38. Kg2 Kf6 39. Kf1 Ke5 40. Kg2 Rb2
41. Kf1 Rc2 42. Kg2 Ke4 43. Kf1 Rb2 44. Kg2 Ke5 45. Kf1 Be7 46. Nf4 Rd2 47. Ke1
Ra2 48. Ng6+ Kf6 49. Nxe7 Kxe7 50. Kf1 Rb2 51. Kg2 Kd6 52. Bd3 Ke5 53. Bc4 Ke4
54. d6 Rd2 55. Kg1 Rd1+ 56. Kg2 Rxd6 57. Bb5 Rd4 58. Ba6 Ke5 59. Bb5 Rd2 60. Ba6
Rb2 61. Bc4 Rd2 62. Bb5 Rc2 63. Bc4 Ke4 64. Bb5 f4 65. gxf4 Kxf4 66. Kg1 Kf3 67.
Bd7 Rc1+ 68. Kh2 Rf1 0-1